Blocs Minecraft Aléatoires par Image - Statistiques

Statistiques générales
  • Ce quiz a été pris 7 329 fois
  • Le résultat moyen est 15 sur 24
Statistiques - réponses
Images Blocs % Correct
TNT
92%
Verre
91%
Bibliothèque
90%
Bloc d'Or
90%
Briques
90%
Bûche de Chêne
90%
Cactus
90%
Citrouille
89%
Laine
89%
Pastèque
89%
Terre
89%
Bloc de Diamant
88%
Glace compactée
88%
Sable
88%
Bloc d’Émeraude
87%
Bloc de Redstone
87%
Bloc de Slime
87%
Bloc de Fer
86%
Éponge
86%
Feuilles de Chêne
86%
Nid d'Abeilles
86%
Pavé
86%
Roche
86%
Botte de Foin
85%
Obsidienne
83%
Planches de Chêne
83%
Bloc de Cuivre
82%
Bloc de Miel
82%
Gravier
82%
Bloc de Neige
81%
Bloc de Champignon rouge
80%
Bedrock
78%
Bloc de Magma
78%
Bloc d'os
76%
Cible
74%
Bloc de Quartz
73%
Balise
69%
Bloc de Lapis-lazuli
69%
Bloc de Charbon
68%
Pierre Lumineuse
67%
Sable des Âmes
65%
Débris Antiques
64%
Bloc de Mousse
62%
Briques du Nether
61%
Argile
58%
Netherrack
58%
Bloc de corail
57%
Andésite
56%
Bloc d'Algues séchées
54%
Bloc d'Améthyste
54%
Granite
52%
Obsidienne Pleureuse
51%
Diorite
49%
Pierre de l'End
49%
Pavé moussu
47%
Grès
46%
Roche Lisse
41%
Prismarine
40%
Basalte
34%
Terre Cuite
34%
Mycélium
33%
Tuf
31%
Podzol
30%
Poudre de Béton
25%
Lanterne Aquatique
23%
Calcite
21%
Roche Noire
21%
Bloc de verrues du Nether
20%
Bloc de Purpur
18%
Champilampe
17%
Bloc de Spéléothème
15%
Ardoise des abîmes
9%
Roche Noire Dorée
7%
Aucun quiz correspondant
Distribution des résultats
% des personnes avec chaque résultat
Percentile par nombre de réponses
Votre historique - résultats
Vous n’avez pas pris ce quiz